| 000 | 00392nam a2200169Ia 4500 | ||
|---|---|---|---|
| 003 | 0100 | ||
| 008 | 130303s9999 xx 000 0 und d | ||
| 040 | _cARRUPELIB | ||
| 050 | _aBR1644.D391987 | ||
| 100 | _aDayton, Donald W | ||
| 245 | _aTheological roots of Pentecostalism | ||
| 260 | _aMichigan | ||
| 260 | _bFranciscan Asbury Press | ||
| 260 | _C1987 | ||
| 300 | _a199p | ||
| 942 | 0 | 0 | _01 |
| 999 |
_c22536 _d22536 |
||